Glitterbug /
সংরক্ষণ করুন:
| অন্যান্য লেখক: | , , |
|---|---|
| বিন্যাস: | |
| ভাষা: | ইংরেজি |
| প্রকাশিত: |
[London] :
Dangerous to know,
c1994
|
| সংস্করন: | The director's cut |
| ট্যাগগুলো: |
কোনো ট্যাগ নেই, প্রথমজন হিসাবে ট্যাগ করুন!
|
MARC
| LEADER | 00000ngm a22000007i 4500 | ||
|---|---|---|---|
| 001 | IT\ICCU\UBO\3295576 | ||
| 003 | ItRI | ||
| 005 | 20260124182817.0 | ||
| 008 | 071008s1994 xxk|||||||||||||||k|||||c | ||
| 028 | 4 | 2 | |a DTK011 |
| 040 | |b ita | ||
| 041 | 7 | |a eng |2 ISO-639-2 | |
| 130 | 0 | |a Glitterbug <film ; 1994> |3 IT\ICCU\MOD\0936469 | |
| 245 | 0 | 0 | |a Glitterbug / |c directed by Derek Jarman ; music by Brian Eno ; produced by James Mackay. |
| 250 | |a The director's cut | ||
| 260 | |a [London] : |b Dangerous to know, |c c1994 | ||
| 300 | |a 1 videocassetta (VHS)(ca. 60 min.) : |b color. b/n, son | ||
| 500 | |a Tit. del contenitore | ||
| 500 | |a Film del 1994, produzione UK | ||
| 500 | |a Contiene: 16 page colour booklet. | ||
| 700 | 1 | |a Jarman, Derek |0 IT\ICCU\LO1V\087465 | |
| 700 | 1 | |a Mackay, James, |d (1954- ) |0 IT\ICCU\RAVV\478861 | |
| 700 | 1 | |a Eno, Brian |0 IT\ICCU\SBLV\165806 | |
| 942 | |2 ddc |c VM |n 0 | ||
| 952 | |0 0 |1 0 |4 0 |6 VO_407_000000000000000 |7 0 |9 26698 |a BO |b BO |d 2026-01-24 |i 6987 |l 0 |o VO 407 |p BO6987 |r 2026-01-24 18:28:17 |w 2026-01-24 |x [Sebina 5] [1 videocassetta] |y VM |z 1 videocassetta | ||
| 999 | |c 22584 |d 22584 | ||